000 00211 a2200097 4500
001 11914
100 _aKahin, G
245 _aMajor government of Asia
260 _a
_bCornell University
_c
090 _c9168
_d9168
942 _aNUST-CAE
_cM
_c36009
999 _c246987
_d246987